000 00292nam a22001337a 4500
008 171024b xxu||||| |||| 00| 0 eng d
020 _a9780922914272
041 _aeng
080 _23 ED
_a311
100 _a55
101 _aSTA
245 _aSOCIAL STATISTICS
_cFOX .W
942 _2udc
_cBK
999 _c35682
_d35682